Statistics for Opposite Prefix Quiz

Click here to take the quiz!

General Stats

  • This quiz has been taken 98 times
  • The average score is 6 of 9

Answer Stats

Word New Word % Correct
AgreeDisagree
99%
HappyUnhappy
87%
AppropriateInappropriate
85%
LegibleIllegible
71%
ModestImmodest
64%
SenseNonsense
60%
TypicalAtypical
56%
RemediableIrremediable
49%
FreezeAntifreeze
37%

Score Distribution

Percentile by Number Answered

Percent of People with Each Score

Your Score History

You have not taken this quiz